|
|
|
|
| LEADER |
01768nam a2200253 a 4500 |
| 001 |
13525663 |
| 008 |
090709s2003 ii b 000 0deng d |
| 010 |
|
|
|a 2003322986
|
| 020 |
|
|
|a 8178241137
|
| 040 |
|
|
|a DLC
|c DLC
|
| 082 |
0 |
0 |
|a 823/.914
|2 22
|
| 245 |
0 |
0 |
|a Amitav Ghosh :
|b a critical companion /
|c edited by Tabish Khair.
|
| 260 |
|
|
|a Delhi :
|b Permanent Black :
|b Distributed by Orient Longman,
|c c2003.
|
| 300 |
|
|
|a viii, 185 p. ;
|c 23 cm.
|
| 520 |
|
|
|a Contributed articles on the life and works of Amitav Ghosh, Indian English author.
|
| 504 |
|
|
|a Includes bibliographical references (p. [175]-183).
|
| 505 |
0 |
|
|a "Travelling in the West": the writing of Amitav Ghosh / Robert Dixon -- Historicizing scientific reason in Amitav Ghosh's the circle of reason / Claire Chambers -- "A choice of histories": Ghosh vs. Hegel in in an antique land / Padmini Mongia -- "The burthen of the mystery": imagination and difference in the shadow lines / Jon Mee -- Des kothay? Amitav Ghosh tells old wives tales / Anjali Gera -- The discoverer discovered: Amitav Ghosh's the Calcutta chromosome: the question of subaltern agency / Tabish Khair -- The road from Mandalay: reflections on Amitav Ghosh's the glass palace / Rukmini Bhaya Nair.
|
| 541 |
1 |
|
|e 00015731
|
| 600 |
1 |
0 |
|a Ghosh, Amitav
|x Criticism and interpretation.
|
| 700 |
1 |
|
|a Khair, Tabish.
|
| 852 |
4 |
|
|a Ayesha Abed Library
|j General shelf
|
| 999 |
|
|
|c 2258
|d 2258
|
| 952 |
|
|
|0 0
|1 0
|2 ddc
|4 0
|6 823_914000000000000_AMI_2003
|7 0
|9 2082
|a BRACUL
|b BRACUL
|c GEN
|d 2009-07-12
|g 450.00
|l 2
|m 10
|o 823.914 AMI
|p 3010020324
|r 2023-09-10
|s 2023-07-12
|t 2
|v 900.00
|w 2009-07-12
|y BK
|
| 952 |
|
|
|0 0
|1 0
|2 ddc
|4 0
|6 823_914000000000000_AMI_2003
|7 0
|9 10498
|a BRACUL
|b BRACUL
|c GEN
|d 2010-05-25
|l 2
|o 823.914 AMI
|p 3010015731
|r 2015-06-22
|s 2015-06-15
|t 1
|w 2010-05-25
|y BK
|